NFL WIDE RECEIVERS - Statistics

General Stats
  • This quiz has been taken 52 times
  • The average score is 14 of 20
Answer Stats
Hint Answer % Correct
vikings Justin Jefferson
100%
eagles A.J Brown
97%
Lions Amon-Ra St. Brown,
97%
benegals Ja'marr Chase
97%
dolphins Tyreek Hill
97%
cowboys CeeDee Lamb
92%
raiders Davante Adams
92%
49ers Deebo Samuel
92%
Bills Stefon Diggs
92%
Bucs Mike Evans
86%
seahwks Dk Metcalf
81%
eagles Devonta Smith
78%
dolphins Jaylen Waddle
76%
chargers Keenan Allen
70%
jets Garrett Wilson
65%
Commanders Terry Mclaurin
24%
saints Chris Olave
16%
seahawks Tyler Lockett
14%
rams Copper Kupp
3%
Titans Dhop
0%
No matching quizzes found
Score Distribution
Percent of People with Each Score
Percentile by Number Answered
Your Score History
You have not taken this quiz